000 00504nam a2200181Ia 4500
005 20250326124239.0
008 250326s9999 xx 000 0 und d
037 _aTextbook
040 _aFMSL
_beng
_cFMSL
041 _aeng
_2eng
084 _aX:512 L3;3
_qFMSL
100 _aStroh T F
_9737087
245 0 _aTraining and developing the professional salesman
_cStroh T F
260 _aUSA
_bUSA, Amacom
_c1973
300 _a280p
942 _cTB
_hX:512 L3;3
999 _c1272928
_d1272928